000 01534cam a2200361 a 4500
001 2959511
003 OSt
005 20211215142142.0
008 910320s1991 enka b 001 0 eng
010 _a 91013557
020 _a1852931809 (hb)
020 _a1852931817 (pb)
038 _awaseem
040 _aDLC
_cDLC
_dDLC
043 _ae-uk---
050 0 0 _aHD9698.G74
_bE547 1991
082 0 0 _a333.7932
_bROB
100 1 _aRoberts, Jane,
_d1954-
_986658
245 1 0 _aPrivatising electricity :
_bthe politics of power /
_cJane Roberts, David Elliott, and Trevor Houghton.
260 _aLondon ;
_aNew York :
_bBelhaven Press,
_c1991.
300 _axiii, 202 p. :
_bill. ;
_c24 cm.
504 _aIncludes bibliographical references (p. 193-199) and index.
563 _aHBK.
610 2 0 _aElectricity Supply Industry (Firm)
_986659
650 0 _aElectric utilities
_xPrivatization
_zGreat Britain.
_986660
650 0 _aNuclear industry
_xPrivatization
_zGreat Britain.
_986661
650 0 _aEnergy policy
_zGreat Britain.
_986662
700 1 _aElliott, David,
_d1943-
_986663
700 1 _aHoughton, Trevor.
_986664
906 _a7
_bcbc
_corignew
_d1
_eocip
_f19
_gy-gencatlg
942 _2ddc
_cBK
999 _c3587
_d3587